000
00272nam a2200109Ia 4500
001
1276051
005
20260417160440.0
008
260417s9999 xx 000 0 und d
020
_a
9786255888488
245
0
_a
İyi ki Varsın Dayı
_c
Cansu İrey
260
_b
Ketebe Çocuk
999
_c
1276051
_d
1276051